| 000 | 02296cam a22004937i 4500 | ||
|---|---|---|---|
| 999 |
_c1552 _d1552 |
||
| 001 | 18111874 | ||
| 003 | GZU | ||
| 005 | 20211125131345.0 | ||
| 008 | 140410s2014 enk b 001 0 eng d | ||
| 010 | _a 2014938058 | ||
| 020 |
_a9781446295427 _qhardback |
||
| 020 |
_a1446295427 _qhardback |
||
| 020 |
_a9781446295434 _qpaperback |
||
| 020 |
_a1446295435 _qpaperback |
||
| 035 | _a(OCoLC)ocn903278597 | ||
| 040 |
_aYDXCP _beng _cYDXCP _erda _dSINIE _dCDX _dOCLCF _dMOU _dNLGGC _dUKDBK _dDLC |
||
| 042 | _alccopycat | ||
| 050 | 0 | 0 |
_aH62 _bSIL 2014 |
| 100 | 1 |
_aSilverman, David, _d1943- _eauthor. |
|
| 245 | 1 | 0 |
_aInterpreting qualitative data / _bDavid Silverman. |
| 250 | _a[Fifth edition]. | ||
| 264 | 1 |
_aLondon : _bSAGE, _c[2014] |
|
| 264 | 4 | _c©2014 | |
| 300 |
_axxiv, 489 pages ; _c24 cm |
||
| 336 |
_atext _btxt _2rdacontent |
||
| 337 |
_aunmediated _bn _2rdamedia |
||
| 338 |
_avolume _bnc _2rdacarrier |
||
| 504 | _aIncludes bibliographical references (pages 457-477) and indexes. | ||
| 505 | 0 | _aTheory and method in qualitative research. What is qualitative research? -- Designing a research project -- Generalising from case study research -- Credible qualitative research -- Data analysis -- Research ethics -- Methods. Interviews -- Focus groups -- Ethnography -- Documents -- Naturally occurring talk -- Visual images -- Implications. Writing your report -- The relevance of qualitative research -- The potential of qualitative research : eight reminders. | |
| 650 | 0 |
_aSociology _xResearch. |
|
| 650 | 0 |
_aSociology _xMethodology. |
|
| 650 | 0 |
_aSocial sciences _xResearch. |
|
| 650 | 0 | _aDiscourse analysis. | |
| 650 | 7 |
_aDiscourse analysis. _2fast _0(OCoLC)fst00894932 |
|
| 650 | 7 |
_aSocial sciences _xResearch. _2fast _0(OCoLC)fst01122944 |
|
| 650 | 7 |
_aSociology _xMethodology. _2fast _0(OCoLC)fst01123900 |
|
| 650 | 7 |
_aSociology _xResearch. _2fast _0(OCoLC)fst01123909 |
|
| 650 | 1 | 7 |
_aKwalitatieve gegevens. _2gtt _0(NL-LeOCL)07856803X |
| 650 | 1 | 7 |
_aData-analyse. _2gtt _0(NL-LeOCL)078480396 |
| 655 | 7 |
_aLeermiddelen (vorm) _2gtt _0(NL-LeOCL)088143767 |
|
| 906 |
_a7 _bcbc _ccopycat _d2 _encip _f20 _gy-gencatlg |
||
| 942 |
_2lcc _cBK _e5th edition _h62 _iSIL _kH |
||